|
|
|
|
| LEADER |
00000nab a2200000 a 4500 |
| 001 |
vtls000143817 |
| 003 |
SK-MaSNL |
| 005 |
20260304062051.0 |
| 008 |
250422c1983 xo 0 slo |
| 015 |
|
|
|a SNBRB19rr/mm-uuuuu
|
| 035 |
|
|
|a CL0153924
|
| 035 |
|
|
|a urn:nbn:sk:snk-ab3s7
|
| 035 |
|
|
|a (urnnbn)urn:nbn:sk:snk:ar-005327
|
| 035 |
|
|
|a (uuid)64181ade-5a06-44e8-9572-1b748026e429
|
| 040 |
|
|
|a SNKBUCL
|b slo
|c SNKBUCL
|e AACR2
|
| 041 |
0 |
|
|a slo
|
| 044 |
|
|
|a xo
|c SK
|
| 080 |
|
|
|a 76.071.1
|2 1981
|
| 080 |
|
|
|a 929 Losová, Alena Georgijevna
|2 1981
|
| 100 |
1 |
|
|a Kudrna, Miroslav,
|d 1935-2014
|4 aut
|9 218143
|
| 245 |
1 |
0 |
|a Alena Georgijevna Losová
|c Miroslav Kudrna
|
| 300 |
|
|
|b Obr. 3.
|
| 650 |
0 |
7 |
|a Losová, Alena Georgijevna
|2 snkbucl
|9 1347024
|
| 655 |
|
7 |
|a články z novín a časopisov
|2 snkbucl
|9 267496
|
| 773 |
0 |
|
|t Výtvarný život
|g Roč. 28, č. 2 (1983), s. 39
|
| 850 |
|
|
|a Slovenská národná knižnica
|
| 852 |
|
|
|a Slovenská národná knižnica
|
| 954 |
|
|
|a odborná, vedecká literatúra pôvodná (slovenská)
|2 lita
|
| 958 |
|
|
|a article27
|
| 958 |
|
|
|a RK
|
| 958 |
|
|
|a SU
|
| 958 |
|
|
|a OND
|
| 958 |
|
|
|a EUIPO
|
| 992 |
|
|
|a RBX
|
| 999 |
|
|
|c 2736334
|d 2738264
|